000 00562nam a2200181Ia 4500
008 100917s9999 xx 000 0 und d
082 _b26260
100 _aठाकूर श्रीकृष्ण
245 _aतु नाही तुझा बाप
260 _bसुरस प्रकाशन
_c1975
300 _a180
365 _b10
520 _aकादंबरी
630 _aतु नाही तुझा बाप
650 _aकादंबरी
730 _aतु नाही तुझा बाप
942 _cBOOK
999 _c631654
_d631651